| 000 | 01210nam a22002295i 4500 | ||
|---|---|---|---|
| 001 | 161043 | ||
| 003 | ES-MaACL | ||
| 005 | 20250829180508.0 | ||
| 008 | 041013s1882 sp a |||| | spa d | ||
| 080 | _a327 | ||
| 100 | 1 |
_aOrdóñez y Ortega, Melchor. _9130675 |
|
| 245 | 1 | 4 |
_aUna misión diplomática en la Indo-China _b: descripción del viaje de la legación especial de España al Imperio de Annam y Reino de Siam dando en dos años la vuelta al mundo / _cpor Melchor Ordóñez y Ortega; con un prologo de Pedro Novo y Colson; publicación ilustrada por varios artistas españoles, con gran número de retratos, vistas y planos. |
| 260 |
_aMadrid : _b[s.n.], _c1882 ( _fEst. tip. de Enrique Rubiños) |
||
| 300 |
_aXXIII, 601 p., [2] h. de map., [25] h. de lám. : _bil. ; _c34 cm. |
||
| 530 | _aDisponible en formato digital. | ||
| 651 | 4 |
_aEspaña- _xRelaciones- _zVietnam. _9151221 |
|
| 651 | 4 |
_aEspaña- _xRelaciones- _zTailandia. _9152603 |
|
| 700 | 1 |
_aNovo y Colson, Pedro de, _d1846-1931 _986091 |
|
| 852 | 4 |
_aES-MaACL _jG-3296 _z- Enc. hol. _z- Legado de San Jurjo |
|
| 856 | 4 |
_uhttp://bdh-rd.bne.es/viewer.vm?id=0000084885&page=1 _zBiblioteca Digital Hispánica |
|
| 999 |
_c161043 _d161043 |
||